| 000 | 00611nam a2200145 a 4500 | ||
|---|---|---|---|
| 008 | 120416s1963 ||||||||||||||||| || u | ||
| 050 | _aQC 173 Bei | ||
| 100 | _aBeiser, Arthur | ||
| 245 | 1 | 0 | _aConcepts of modern physics |
| 260 |
_aNew York _bMcGraw-Hill _c1963 |
||
| 300 | _a357p. : ill | ||
| 350 | _a0.00 | ||
| 995 |
_aBINDERY (DAMAGED) _D0.00 _e012761 _FCBU-MAIN LIBRARY (Kitwe) _H1 _I27.50 _jQC 173 Bei _UDAMAGED _y012761 _ZMain Library Open Access Collection |
||
| 995 |
_aMAIN LIBRARY OPEN ACCESS _D0.00 _e012762 _FCBU-MAIN LIBRARY (Kitwe) _H2 _I27.50 _jQC 173 Bei _UAVAILABLE _y012762 _ZMain Library Open Access Collection |
||
| 999 |
_c79714 _d79714 |
||